| 000 | 00474nam a2200181 a 4500 | ||
|---|---|---|---|
| 001 | 1770813380355 | ||
| 003 | YourLibrary | ||
| 005 | 20260211180754.0 | ||
| 008 | 260211s2007##################000#0#eng## | ||
| 020 | _a9781598693287 | ||
| 082 | 0 | 4 |
_a306.7 _bARD |
| 100 | 1 |
_aArden, John B, _eauthor. |
|
| 245 | 1 | 0 | _aStop Spoiling That Man! : |
| 260 |
_bAdams Media, _c2007. |
||
| 650 | 0 | _aFamily & Relationships. | |
| 942 | _cENGLISH | ||
| 040 |
_aYourLibrary _beng _cYourLibrary |
||
| 999 |
_c611911 _d611911 |
||